[Event "37th Zalakaros Festival 2018"]
[Site "Zalakaros"]
[Date "2018.06.01"]
[Round "8"]
[White "Nemeth, Miklos"]
[Black "Gombocz, Ferenc Jr"]
[Result "0-1"]
[WhiteElo "2491"]
[BlackElo "2077"]
[Annotator "TA"]
[PlyCount "112"]
[EventDate "2018.??.??"]
[EventType "swiss"]
[EventCountry "HUN"]
[SourceTitle "playchess.com"]
[Source "ChessBase"]
[SourceQuality "1"]

{[%evp 10,112,0,-5,0,-17,-16,-22,-18,-25,-20,-10,-20,-35,0,0,0,0,0,0,0,15,38,27,25,29,33,39,46,23,23,6,5,14,7,0,0,0,0,0,0,-3,0,-25,-1,-13,0,-46,0,0,52,-12,-19,-64,-36,-45,0,-92,-92,-92,-91,-84,-79,-110,-57,-55,-39,-39,-43,-51,-51,-41,-23,-28,-33,-51,0,-111,-71,-216,-200,-236,-233,-635,-626,-512,-219,-210,-208,-209,-194,-250,-266,-255,-178,-175,-118,-94,0,-29984,-29985,-29985,-29986,-29986,-29987]} 1. e4 e5 2. Bc4 Nf6 3. d3 c6 4. Qe2 Be7 5. Nf3 O-O 6. Bb3 {LiveBook: 20 Games. C24: Bishop's Opening: 2...Nf6} d5 (6... d6 7. O-O Bg4 8. h3 Bh5 9. c3 Nbd7 10. Be3 Re8 11. Nbd2 Bf8 12. Rfe1 d5 13. Qf1 dxe4 14. dxe4 {1-0 (48) Almasi,Z (2707)-Fridman,D (2602) Bastia 2013}) 7. exd5 $146 ({Predecessor:} 7. O-O Bg4 8. h3 Bxf3 9. Qxf3 Na6 10. exd5 Nxd5 11. Re1 Bf6 12. Nd2 Nc5 13. Ne4 Nxb3 14. axb3 {0-1 (40) Rathore,S (2372)-Sasikiran,K (2525) Nagpur 1999}) 7... cxd5 8. Nxe5 {The position is equal.} Re8 9. O-O Bd6 10. d4 Nc6 11. Qd3 Nxe5 12. dxe5 Bxe5 13. Nd2 h6 14. Nf3 Bd6 15. Be3 b6 16. Rfe1 Bb7 17. c3 Qc7 18. h3 Qd7 19. Rad1 Rad8 20. a4 {[%cal Ba2a4,Ba4a5][%mdl 32]} Bc6 21. Qc2 Bb8 22. Nd4 Bb7 23. f4 Ne4 24. a5 b5 25. Qe2 a6 26. Qh5 Nf6 27. Qf3 Qc7 28. Ra1 Kf8 29. Bc2 Ba7 (29... Rd7 $11) 30. Qg3 (30. Ne6+ $1 $14 Rxe6 31. Bxa7) 30... Bc8 31. Kh1 Ne4 (31... b4 {feels hotter.} 32. Bg1 Bd7 33. Re5 Rc8 34. Rd1 bxc3 35. Qxc3 Qxc3 36. Rxe8+ Kxe8 37. bxc3 Rxc3 38. Bd3 Bb8) 32. Qf3 Nxc3 (32... b4 $5 33. Rec1 bxc3 34. bxc3 Kg8 $15) 33. Qf2 ({Avoid the trap} 33. bxc3 $2 Qxc3 34. Qd1 Rxe3 $19) (33. Bd3 $11 {remains equal.} Ne4 34. Rac1) 33... Ne4 $17 34. Bxe4 Rxe4 35. Rac1 Qd6 36. Ne6+ Qxe6 (36... Bxe6 $17 37. Bxa7 Qxf4 38. Qxf4 Rxf4) 37. Bxa7 $15 Re8 {[%cal Re4e1]} 38. Rxe4 Qxe4 39. Kh2 Kg8 40. Bd4 b4 $36 {[%mdl 2048] Black is pushing.} 41. Rc7 Qd3 {And now ...Bxh3! would win.} 42. Be5 f6 (42... Bf5 $15) 43. Bd6 {[#]} (43. Qc5 $11 fxe5 44. Rxc8 Rxc8 45. Qxc8+ Kh7 46. fxe5) 43... Bxh3 $1 $17 {[%mdl 512]} 44. Be7 (44. Qg3 $17 Qxg3+ 45. Kxg3) (44. gxh3 Re2) 44... Bg4 $19 45. Qc5 Qd2 {Strongly threatening ...Bf3.} 46. Kg3 $2 (46. Qd6 Bf5 47. Rb7) 46... h5 47. Qxb4 Qxb4 (47... Qe3+ $142 48. Kh2 h4) 48. Bxb4 {[%mdl 4096] Endgame KRB-KRB} Re3+ 49. Kh2 Re2 50. Bc3 (50. Ra7 $142) 50... Bf3 51. Ra7 Rxg2+ 52. Kh3 {[#]} Rg1 ({Better is} 52... h4 $1 $19 {Hoping for ...g5.} 53. Rxa6 (53. Kxh4 Be2) 53... g5 54. fxg5 fxg5) 53. Rxa6 $17 g5 (53... Kf7 $17 {Threatens to win with ...Kg6.} 54. Rc6 Kg6) 54. Rxf6 $2 {[%mdl 8192] [#]} (54. fxg5 $11 fxg5 55. Rg6+ Kh7 56. Rf6 Bg4+ 57. Kh2) 54... h4 $1 {[%cal Rg1h1] Black mates.} 55. Rg6+ Kf7 {[%cal Rg1h1]} 56. Rf6+ Ke7 {Precision: White = 30%, Black = 56%.} 0-1

[Event "37th Zalakaros Festival 2018"]
[Site "Zalakaros"]
[Date "2018.06.01"]
[Round "8"]
[White "Horvath, Adam"]
[Black "Radovanovic, Jovica"]
[Result "1-0"]
[WhiteElo "2481"]
[BlackElo "2311"]
[Annotator "TA"]
[PlyCount "105"]
[EventDate "2018.??.??"]
[EventType "swiss"]
[EventCountry "HUN"]
[SourceTitle "playchess.com"]
[Source "ChessBase"]
[SourceQuality "1"]

{[%evp 24,105,0,0,0,0,22,4,12,7,18,8,47,46,48,37,41,42,56,50,60,45,68,90,98,10,26,17,35,0,0,0,69,21,63,61,73,86,81,80,97,86,93,93,167,172,186,143,142,143,197,158,144,157,163,118,135,116,105,56,49,55,91,72,83,71,144,141,138,135,185,137,143,151,151,158,158,145,141,149,1510,1076,5389,5389]} 1. e4 c5 2. Nf3 d6 3. d4 cxd4 4. Nxd4 Nf6 5. Nc3 a6 6. Be2 g6 7. O-O Bg7 8. Re1 O-O 9. Bg5 Nc6 10. Nb3 b5 11. Bf1 h6 12. Bh4 {B70: Sizilianisch (Drachen-Variante)} e6 13. Qd2 {LiveBook: 4 Partien} Qc7 14. Rad1 {[#] Die Stellung ist ausgeglichen.} Ne8 $146 ({Vorgänger:} 14... Rd8 15. f4 Bb7 16. a3 Rac8 17. f5 Ne5 18. fxe6 fxe6 19. Nd4 Qe7 {½-½ (122) Adams,M (2630)-Miles,A (2565) Tilburg 1993}) 15. a4 b4 {Droht ...g5 und aus.} 16. Ne2 Rb8 (16... g5 $5 {[%cal Rg5h4]} 17. Bg3 Bxb2 $11) 17. Ned4 {und nun wäre Sxc6 stark für Weiss.} Bd7 18. Bxa6 Nxd4 19. Nxd4 g5 20. Bg3 Bxa4 21. b3 Bd7 22. Bc4 Qc5 23. e5 Rd8 {[%cal Rd6e5]} 24. exd6 ({Besser ist} 24. Nf3 $16) 24... e5 25. Nf3 {[%cal Rf3e5]} Bg4 {[%cal Re8d6]} 26. Qe2 Nxd6 27. Rd5 $36 {[%mdl 2048] Weiss hat gut koordiniertes Spiel.} Qc6 (27... Qb6 $11) 28. Red1 ({Natürlich nicht} 28. Bxe5 Bxf3 29. gxf3 (29. Qxf3 Nxc4 30. Rxd8 Nxe5 $15) 29... Nxc4 $11) 28... Qb6 29. Bxe5 Bxe5 30. Qxe5 Nxc4 31. bxc4 Rde8 32. Qg3 Bxf3 33. Qxf3 Re6 {[#]} (33... Qe6 $16 {war einen Versuch wert.} 34. h4 Qe4) 34. h4 $1 $18 gxh4 35. Qg4+ Rg6 36. Qxh4 Qc6 (36... Re8 $16 37. c5 Qf6 38. Qxf6 (38. Qxb4 Qf3 $11) 38... Rxf6) 37. R1d4 Re8 38. Re4 Ra8 39. Rd8+ Kg7 {Weiss muss nun ...Txd8 beachten.} 40. Rxa8 Qxa8 $16 {[%mdl 4096] Endspiel KDT-KDT} 41. Qf4 Qa1+ 42. Kh2 Rg5 43. Qf3 Qf6 44. Rf4 Qg6 (44... Rh5+ $142 45. Kg3 Rg5+ 46. Kh3 Qe6+ 47. Kh2 Rc5) 45. g3 Qe6 46. Kg2 Ra5 47. Re4 Qg6 48. Rg4 Rg5 {[#]} 49. Rf4 $1 Ra5 50. Qd1 {Dd4+ ist eine echte Drohung.} Qc6+ 51. Kh2 Qg6 $2 {[%mdl 8192] [#]} (51... Re5 $16 52. Qd4 f6) 52. c5 $1 $18 {[%mdl 512]} Ra6 (52... Rxc5 53. Qd4+) 53. Rg4 {Precision: Weiß = 64%, Schwarz = 37%.} 1-0

[Event "37th Zalakaros Festival 2018"]
[Site "Zalakaros"]
[Date "2018.06.01"]
[Round "8"]
[White "Chernyshov, Konstantin"]
[Black "Ianov, Viktor"]
[Result "1-0"]
[WhiteElo "2478"]
[BlackElo "2285"]
[Annotator "TA"]
[PlyCount "61"]
[EventDate "2018.??.??"]
[EventType "swiss"]
[EventCountry "HUN"]
[SourceTitle "playchess.com"]
[Source "ChessBase"]
[SourceQuality "1"]

{[%evp 14,61,58,56,64,58,79,62,81,40,111,49,132,121,156,146,152,160,159,116,164,156,463,443,513,512,511,506,512,512,518,507,531,501,539,539,661,666,645,627,1050,989,1059,1034,1779,1888,29983,29985,29983,4516]} 1. e4 {[%cal Be2e4,Be4e5][%mdl 32]} d6 2. d4 Nf6 3. Nc3 c6 4. f4 Qa5 5. e5 Ne4 6. Qf3 d5 7. Bd3 {B07: Pirc-Ufimzew-Verteidigung} Na6 (7... f5 8. exf6 exf6 9. Bd2 Nxd2 10. Kxd2 Bd6 11. Re1+ Kd8 12. Nge2 Qc7 13. g3 Nd7 14. f5 Nb6 {1-0 (66) Vallejo Pons,F (2666)-Bezold,M (2547) Munich 2016}) 8. Nge2 {LiveBook: 15 Partien} g6 9. O-O {Weiß steht etwas besser.} Nxc3 10. bxc3 {[%cal Bb2c3,Bc3c4][%mdl 32] Schwarz muss nun f5 beachten.} e6 11. c4 Bd7 (11... Nb4 $14) 12. Rd1 $146 (12. Rb1 $16) ({Vorgänger:} 12. Rb1 b5 13. c5 Be7 14. Be3 Qd8 {1-0 (35) Rusev,K (2548)-Elobeid,A (2109) Baku 2016}) 12... h5 (12... Nb4 $14) 13. Bd2 $36 {[%mdl 2048] Weiss bestimmt, wo es lang geht.} Bb4 14. c3 {[%cal Bc2c3,Bc3c4][%mdl 32]} Be7 15. cxd5 Qxd5 16. Qe3 Qa5 17. Rdb1 O-O-O $2 (17... Bc8 $16 18. c4 Qd8) 18. c4 $18 Bb4 {[#]} 19. Rxb4 $1 {[%mdl 512]} Nxb4 20. a3 c5 21. dxc5 Bc6 {...Sc2! ist eine echte Drohung.} 22. Bxb4 Qc7 23. Nd4 Qd7 24. Bc3 Rhe8 25. Rb1 Re7 26. Bc2 a6 27. Nxc6 Qxc6 28. Rb6 Qe8 {[#]} 29. c6 $1 bxc6 30. Ba4 Rc7 31. Bb4 {Precision: Weiß = 75%, Schwarz = 23%.} (31. Rxa6 $142 Kb8 32. Bb4 Rd3 33. Qxd3 Qc8 34. Rb6+ Ka7 35. Bc5 Qf8 36. Bxf8) 1-0

[Event "37th Zalakaros Festival 2018"]
[Site "Zalakaros"]
[Date "2018.06.01"]
[Round "8"]
[White "Tompa, Janos"]
[Black "Biro, Sandor"]
[Result "1-0"]
[WhiteElo "2372"]
[BlackElo "2191"]
[Annotator "NA"]
[PlyCount "71"]
[EventDate "2018.??.??"]
[EventType "swiss"]
[EventCountry "HUN"]
[SourceTitle "playchess.com"]
[Source "ChessBase"]
[SourceQuality "1"]
[TimeControl "40/5400+30:1800+30"]

1. e4 {[%emt 0:00:23]} Nc6 {[%emt 0:02:11]} 2. Nf3 {[%emt 0:00:13]} e6 {[%emt 0:00:34]} 3. d3 {[%emt 0:01:32]} d5 {[%emt 0:00:50]} 4. Nbd2 {[%emt 0:00:07]} Nge7 {[%emt 0:07:29]} 5. Be2 {[%emt 0:02:58]} Ng6 {[%emt 0:00:48]} 6. g3 {[%emt 0:00:07]} e5 {[%emt 0:11:58]} 7. h4 {[%emt 0:00:54]} h6 {[%emt 0:01:20]} 8. c3 {[%emt 0:02:09]} a5 $11 {[%emt 0:02:46]} 9. h5 {[%emt 0:11:59]} Nge7 {[%emt 0:00:40]} 10. Nh4 {[%emt 0:02:48]} Qd6 {[%emt 0:10:15]} 11. Bf3 {[%emt 0:03:06]} Be6 {[%emt 0:03:59]} 12. O-O {[%emt 0:00:21]} O-O-O {[%emt 0:05:41]} 13. Bg4 {[%emt 0:06:32]} Kb8 {[%emt 0:07:47]} 14. Re1 {[%emt 0:05:13]} Rg8 {[%emt 0:15:26]} 15. a3 {[%emt 0:03:39]} g6 {[%emt 0:03:00]} 16. hxg6 {[%emt 0:10:22]} Nxg6 {[%emt 0:02:42]} 17. Bxe6 {[%emt 0:21:18]} Qxe6 {[%emt 0:01:39]} 18. Nxg6 {[%emt 0:00:40]} Rxg6 {[%emt 0:00:18]} 19. Qf3 {[%emt 0:00:40]} dxe4 {[%emt 0:03:29]} 20. Nxe4 {[%emt 0:01:44]} f5 {[%emt 0:01:06]} 21. Nd2 {[%emt 0:00:05]} Qd7 {[%emt 0:04:27]} 22. Nc4 {[%emt 0:03:23]} Bg7 {[%emt 0:00:53]} 23. Ne3 {[%emt 0:04:48]} f4 {[%emt 0:00:41]} 24. Qe4 {[%emt 0:00:57]} Qxd3 {[%emt 0:04:34]} 25. Qxd3 {[%emt 0:00:27]} Rxd3 {[%emt 0:00:06]} 26. Nf1 {[%emt 0:01:10]} h5 {[%emt 0:02:17]} 27. Kh2 {[%emt 0:01:03]} Bh6 {[%emt 0:02:37]} 28. Kh3 {[%emt 0:00:47]} Rg5 {[%emt 0:02:55]} 29. Bd2 {[%emt 0:04:43]} h4 {[%emt 0:01:01]} 30. Kxh4 {[%emt 0:02:12]} Ne7 {[%emt 0:00:08]} 31. Rad1 {[%emt 0:00:13]} Nf5+ {[%emt 0:01:22]} 32. Kh3 {[%emt 0:00:19]} Rd6 {[%emt 0:00:56]} 33. gxf4 {[%emt 0:01:52]} Rd3+ {[%emt 0:00:34]} 34. Be3 {[%emt 0:01:44]} Rxd1 {[%emt 0:00:22]} 35. Rxd1 {[%emt 0:00:04]} exf4 {[%emt 0:00:13]} 36. Rd8# {[%emt 0:00:12]} 1-0

[Event "37th Zalakaros Festival 2018"]
[Site "Zalakaros"]
[Date "2018.06.01"]
[Round "8"]
[White "Ostovic, Matija"]
[Black "Marosi, Levente"]
[Result "1/2-1/2"]
[WhiteElo "2352"]
[BlackElo "2277"]
[Annotator "NA"]
[PlyCount "103"]
[EventDate "2018.??.??"]
[EventType "swiss"]
[EventCountry "HUN"]
[SourceTitle "playchess.com"]
[Source "ChessBase"]
[SourceQuality "1"]
[TimeControl "40/5400+30:1800+30"]

1. d4 {[%emt 0:00:14]} Nf6 {[%emt 0:02:19]} 2. c4 {[%emt 0:00:07]} d6 {[%emt 0:00:55]} 3. Nf3 {[%emt 0:00:23]} g6 {[%emt 0:00:16]} 4. g3 {[%emt 0:00:07]} Bg7 {[%emt 0:00:10]} 5. Bg2 {[%emt 0:00:10]} Nbd7 {[%emt 0:00:24]} 6. O-O {[%emt 0:00:17]} O-O {[%emt 0:00:10]} 7. Nc3 {[%emt 0:00:10]} c6 {[%emt 0:00:34]} 8. Qc2 {[%emt 0:00:55]} e5 {[%emt 0:02:57]} 9. Rd1 {[%emt 0:01:10]} Re8 {[%emt 0:02:12]} 10. dxe5 {[%emt 0:04:31]} dxe5 {[%emt 0:00:33]} 11. Ng5 {[%emt 0:00:33]} Qc7 {[%emt 0:12:03]} 12. Nge4 {[%emt 0:06:51]} Nxe4 {[%emt 0:04:44]} 13. Nxe4 {[%emt 0:00:18] LiveBook: 3 Games} Nf6 {[%emt 0:00:27]} 14. Nd6 {[%emt 0:06:35]} Rd8 {[%emt 0:00:23]} 15. c5 $11 {[%emt 0:05:40]} Be6 {[%emt 0:16:48]} 16. Bg5 {[%emt 0:04:52]} h6 {[%emt 0:01:13]} 17. Bxf6 {[%emt 0:01:24]} Bxf6 {[%emt 0:00:02]} 18. h4 {[%emt 0:00:21]} h5 {[%emt 0:03:53]} 19. Rd2 {[%emt 0:06:41]} Be7 {[%emt 0:12:26]} 20. Rad1 {[%emt 0:01:19]} Bxd6 {[%emt 0:12:34]} 21. cxd6 {[%emt 0:00:48]} Qa5 {[%emt 0:01:22]} 22. Qe4 {[%emt 0:13:46]} Rd7 {[%emt 0:03:18]} 23. b4 {[%emt 0:11:17]} Qb5 {[%emt 0:00:37]} 24. Qe3 {[%emt 0:03:48]} a5 {[%emt 0:04:42]} 25. bxa5 {[%emt 0:01:45]} Rxa5 {[%emt 0:02:23]} 26. Be4 {[%emt 0:01:19]} Kg7 {[%emt 0:00:54]} 27. Qg5 {[%emt 0:10:23]} Qb4 {[%emt 0:03:46]} 28. Bb1 {[%emt 0:01:06]} e4 {[%emt 0:03:06]} 29. Qf4 {[%emt 0:00:52]} Bd5 {[%emt 0:00:38]} 30. Qe5+ {[%emt 0:03:08]} f6 {[%emt 0:00:12]} 31. Qe8 {[%emt 0:00:27]} Qxd6 {[%emt 0:02:38]} 32. Bxe4 {[%emt 0:00:16]} Rf7 {[%emt 0:02:02]} 33. Bxd5 {[%emt 0:02:17]} Rxd5 {[%emt 0:00:39]} 34. Rxd5 {[%emt 0:00:15]} cxd5 {[%emt 0:00:02]} 35. Qb5 {[%emt 0:01:16]} Rd7 {[%emt 0:00:30]} 36. e3 {[%emt 0:00:33]} Qc6 {[%emt 0:01:36]} 37. Qb3 {[%emt 0:03:53]} f5 {[%emt 0:01:21]} 38. Qb2+ {[%emt 0:00:57]} Qf6 {[%emt 0:00:38]} 39. Qxf6+ {[%emt 0:00:34]} Kxf6 {[%emt 0:00:02]} 40. Rb1 {[%emt 0:00:00]} Kg7 {[%emt 0:02:51]} 41. Rb6 {[%emt 0:03:01]} Kh6 {[%emt 0:01:06]} 42. Kg2 {[%emt 0:01:28]} d4 {[%emt 0:05:36]} 43. exd4 {[%emt 0:01:18]} Rxd4 {[%emt 0:00:01]} 44. Rxb7 {[%emt 0:00:34]} Ra4 {[%emt 0:00:03]} 45. Rb2 {[%emt 0:00:30]} f4 {[%emt 0:00:03]} 46. Kf3 {[%emt 0:03:35]} fxg3 {[%emt 0:00:33]} 47. fxg3 {[%emt 0:00:26]} g5 {[%emt 0:01:54]} 48. Rb6+ {[%emt 0:03:13]} Kg7 {[%emt 0:00:08]} 49. hxg5 {[%emt 0:00:05]} Rxa2 {[%emt 0:00:15]} 50. Rh6 {[%emt 0:00:16]} Ra5 {[%emt 0:00:23]} 51. Rxh5 {[%emt 0:00:13]} Kg6 {[%emt 0:00:20]} 52. Rh8 1/2-1/2

[Event "37th Zalakaros Festival 2018"]
[Site "Zalakaros"]
[Date "2018.06.01"]
[Round "8"]
[White "Krykun, Yuriy"]
[Black "Aczel, Gergely"]
[Result "0-1"]
[WhiteElo "2338"]
[BlackElo "2567"]
[Annotator "TA"]
[PlyCount "173"]
[EventDate "2018.??.??"]
[EventType "swiss"]
[EventCountry "HUN"]
[SourceTitle "playchess.com"]
[Source "ChessBase"]
[SourceQuality "1"]

{[%evp 25,173,6,15,6,20,3,8,-3,0,-31,-33,-31,-31,-38,-35,-31,-29,-36,-31,-51,-37,-47,-38,-38,-26,-34,-14,-26,0,-33,-9,-37,-33,-47,-30,-23,-21,-48,-37,-43,-28,-37,-30,-33,-32,-53,-33,-33,-3,-26,0,-44,-25,-127,-1,-45,-15,-12,-14,-12,11,-104,-75,-87,-87,-93,-115,-93,-85,-91,-98,-176,-177,-189,0,-37,27,19,14,-246,-246,-233,-233,-233,-102,-349,-212,-193,-206,-186,-200,-230,-202,-184,-106,-106,-106,-106,-106,-125,-106,-118,-90,-90,0,0,0,-51,-33,-39,-28,-143,-136,-170,-196,-554,-538,-635,-639,-555,-539,-402,-235,-450,-530,-745,-634,-1832,-750,-322,-79,-12836,-12835,-12833,-12835,-12835,-12836,-12837,-12837,-12837,-12838,-12838,-12835,-12849,-12849,-12850,-12850,-29984,-29985,-29985]} 1. d4 Nf6 2. c4 e6 3. Nc3 Bb4 4. Qc2 O-O 5. Nf3 c5 6. dxc5 Na6 7. g3 Nxc5 8. Bg2 Nce4 9. O-O Bxc3 {E39: Nimzo-Indian: Classical: 4...c5 5 dxc5 0-0} (9... Nxc3 10. bxc3 Be7 11. e4 d6 12. e5 dxe5 13. Nxe5 Qc7 14. Qe2 Nd7 15. Bf4 Nxe5 16. Bxe5 Bd6 17. Rfe1 Rb8 18. Rad1 Bxe5 19. Qxe5 Qxe5 20. Rxe5 b6 21. c5 Ba6 22. c6 {½-½ (43) Nakamura,H (2781)-Caruana,F (2799) London 2017}) 10. bxc3 Qc7 11. Nd4 d5 12. cxd5 exd5 13. Bf4 Qc5 {LiveBook: 3 Games} 14. Rac1 {[#]} b6 $146 ({Predecessor:} 14... Bd7 15. Qb2 Rfc8 16. Bxe4 dxe4 17. Qxb7 {½-½ (35) Haugen,A (2433)-Loinjak,S (2549) ICCF email 2016}) 15. f3 Nd6 16. Rfd1 Nc4 17. Qb3 Nh5 18. Bd2 Bd7 19. Qb4 Qc7 20. Be1 Rfe8 21. Bf2 Nf6 22. Re1 h6 23. Qb1 Rac8 24. Qd3 Ne5 25. Qb1 Qd6 26. Qb4 Qc7 27. Qb1 Qd8 28. Nb3 Nc4 29. Nd4 {[%cal Bb3d4,Bd4c2,Bc2e3][%mdl 32]} Ne3 30. Qd3 Qe7 31. Bh1 Nc4 32. Nc2 Ne5 33. Qd2 Bf5 34. Ne3 Be6 35. Qd4 Nc6 36. Qa4 Bd7 37. Qb3 Be6 38. Qa4 Qc7 39. c4 (39. Bg2 $11) 39... d4 (39... dxc4 $1 $17 {Black wants to play ...Red8.} 40. Nxc4 Ne7) 40. Nd5 Bxd5 41. cxd5 Nxd5 {...Nc3 is the strong threat.} 42. Bxd4 {[#]} b5 $1 {[%cal Bb6b5,Bb5b4][%mdl 544]} 43. Qa3 (43. Qa6 $1 $11 {keeps the balance.}) (43. Qxb5 Nxd4) 43... Qb8 44. Bf2 b4 45. Qa6 Nc3 46. f4 Re6 47. Kf1 Nd4 $36 {[%mdl 2048] White is under strong pressure.} 48. Qd3 (48. Qb7 $17 {was worth a try.} Qxb7 49. Bxb7) 48... Ndxe2 $19 49. Rc2 {[%cal Re1e2]} Rce8 $2 (49... Rd6 $1 $19 {[%cal Rd6d3]} 50. Qf3 Nd4 51. Bxd4 Rxd4) 50. Bf3 {[%cal Rf3e2] [#]} Rd6 (50... Nd4 $1 $15 {[%mdl 512]} 51. Rxe6 (51. Qxd4 Qb5+) 51... Nxe6) 51. Qc4 $11 {[%cal Rf3e2]} Rc8 52. Qb3 $2 {[%mdl 8192]} (52. Bxa7 $1 $11 {and White has nothing to worry.} Nd4 53. Bxb8 Rxc4 54. Bxd6 Nxc2 55. Re8+ Kh7 56. Be5) 52... Nd4 $19 53. Bxd4 Rxd4 54. Re7 Qb5+ (54... Rf8 $1 $19 {and Black stays clearly on top.} 55. Rf2 a5) 55. Kg1 $2 (55. Kg2 $17 Qf5 56. Rxa7) 55... Rd1+ 56. Bxd1 Qc5+ 57. Kg2 Qxe7 58. Bf3 a5 59. a3 Qd6 (59... a4 $19 60. Qxb4 Qxb4 61. axb4 Rc7) 60. axb4 $17 axb4 61. Rb2 Rb8 62. Qc4 g6 63. h4 h5 64. f5 Kg7 (64... gxf5 $17 65. Kh3 Ne4 $1 {[%mdl 512]} 66. Bxe4 fxe4 67. Qxe4 b3) 65. fxg6 $1 $11 fxg6 66. g4 (66. Kh2 $11) 66... hxg4 67. Qxg4 Kh7 {And now ...Nd5 would win.} 68. Qg5 (68. h5 $11 {remains equal.}) 68... Rb5 $1 $17 {[%cal Rb5g5]} 69. Qe3 Nd5 $1 {[%cal Rd5e3]} 70. Qa7+ $2 (70. Qd2 {is a better chance.}) 70... Kh6 $19 71. Qf2 Nf4+ 72. Kh1 Ra5 {Hoping for ...Ra1+.} 73. Rb1 {[#]} Ra3 (73... b3 $142 $1 {[%mdl 512] White must now prevent ...Ra2.} 74. Qb2 (74. Rxb3 Ra1+) 74... Qd8) 74. Rd1 $2 (74. Rf1) 74... Rd3 75. Rxd3 Qxd3 ({Stronger than} 75... Nxd3 76. Qd2+ Kg7 77. Be4 $11) 76. Qg3 Qf5 (76... Qe3 $142 77. Qg5+ Kg7) 77. Bd1 Nd5 $2 (77... Qd5+ $19 {is more deadly.} 78. Bf3 Qd6) 78. Bc2 $2 {[%mdl 8192]} (78. Kg1 $17) 78... Qf1+ 79. Kh2 Qe2+ 80. Kh1 Qxc2 81. Qg5+ Kh7 82. Qxd5 Qc1+ 83. Kg2 Qf4 84. h5 Qg4+ 85. Kf2 {[#]} Qf5+ $1 86. Qxf5 gxf5 87. Ke3 {Precision: White = 33%, Black = 48%.} 0-1

[Event "37th Zalakaros Festival 2018"]
[Site "Zalakaros"]
[Date "2018.06.01"]
[Round "8"]
[White "Li, Bo"]
[Black "Szeberenyi, Adam"]
[Result "1-0"]
[WhiteElo "2319"]
[BlackElo "2372"]
[Annotator "NA"]
[PlyCount "93"]
[EventDate "2018.??.??"]
[EventType "swiss"]
[EventCountry "HUN"]
[SourceTitle "playchess.com"]
[Source "ChessBase"]
[SourceQuality "1"]
[TimeControl "40/5400+30:1800+30"]

1. d4 {[%emt 0:00:20]} d5 {[%emt 0:00:37]} 2. c4 {[%emt 0:00:43]} dxc4 {[%emt 0:00:10]} 3. Nf3 {[%emt 0:01:56]} Nf6 {[%emt 0:00:07]} 4. Qa4+ {[%emt 0:02:38]} Nc6 {[%emt 0:00:31]} 5. Nc3 {[%emt 0:02:52]} Nd5 {[%emt 0:02:50]} 6. Qxc4 {[%emt 0:05:45]} Nb6 {[%emt 0:01:57]} 7. Qd3 {[%emt 0:02:48] LiveBook: 16 Partien} e5 {[%emt 0:00:14]} 8. dxe5 {[%emt 0:06:58]} Qxd3 {[%emt 0:00:08]} 9. exd3 {[%emt 0:00:20]} Nb4 {[%emt 0:00:12]} 10. Rb1 {[%emt 0:02:38]} (10. Nd4 $14) 10... Bf5 $11 {[%emt 0:03:20]} 11. Be3 {[%emt 0:14:54]} Rd8 {[%emt 0:12:18]} 12. Rd1 {[%emt 0:07:04]} Nxd3+ {[%emt 0:18:49]} 13. Bxd3 {[%emt 0:00:49]} Bxd3 {[%emt 0:00:09]} 14. Nd4 {[%emt 0:03:19]} Bc4 {[%emt 0:04:35]} 15. Ndb5 {[%emt 0:03:39]} Bb4 {[%emt 0:02:27]} 16. a3 {[%emt 0:09:32]} Bxb5 {[%emt 0:02:53]} 17. axb4 {[%emt 0:01:24]} Rxd1+ {[%emt 0:05:20]} 18. Kxd1 {[%emt 0:00:20]} Bc6 {[%emt 0:00:04]} 19. Bxb6 axb6 {[%emt 0:03:49]} 20. Kd2 {[%emt 0:06:43]} Ke7 {[%emt 0:02:38]} 21. Ke3 {[%emt 0:02:05]} Ke6 {[%emt 0:02:17]} 22. f4 {[%emt 0:00:16]} g5 {[%emt 0:05:12]} 23. fxg5 {[%emt 0:02:59]} h6 {[%emt 0:04:55]} 24. gxh6 {[%emt 0:06:00]} Rxh6 {[%emt 0:00:06]} 25. Kf2 {[%emt 0:01:34]} Kxe5 {[%emt 0:02:40]} 26. Re1+ {[%emt 0:00:38]} Kd4 {[%emt 0:00:51]} 27. b5 {[%emt 0:01:59]} Rxh2 {[%emt 0:04:11]} 28. bxc6 {[%emt 0:00:04]} bxc6 {[%emt 0:00:01]} 29. Re7 {[%emt 0:00:50]} b5 {[%emt 0:00:01]} 30. Rxc7 {[%emt 0:01:01]} b4 {[%emt 0:00:08]} 31. Ne2+ {[%emt 0:02:03]} Kc4 {[%emt 0:00:11]} 32. Rxc6+ {[%emt 0:00:34]} Kb3 {[%emt 0:00:06]} 33. Rb6 {[%emt 0:01:44]} Rh4 {[%emt 0:00:04]} 34. Rb7 {[%emt 0:02:30]} Kxb2 {[%emt 0:01:35]} 35. Rxf7 {[%emt 0:00:01]} b3 {[%emt 0:00:16]} 36. Rc7 {[%emt 0:01:47]} Ka3 {[%emt 0:06:11]} 37. Ra7+ {[%emt 0:00:34]} Kb2 {[%emt 0:02:18]} 38. Rb7 {[%emt 0:01:44]} Kc2 {[%emt 0:00:47]} 39. Rc7+ {[%emt 0:01:32]} Kd2 {[%emt 0:00:16]} 40. Rd7+ {[%emt 0:00:00]} Kc2 {[%emt 0:00:32]} 41. Nd4+ {[%emt 0:01:01]} Kc3 {[%emt 0:00:22]} 42. Nxb3 {[%emt 0:00:18]} Kxb3 {[%emt 0:00:10]} 43. Kf3 {[%emt 0:00:22]} Kc4 {[%emt 0:06:46]} 44. g4 {[%emt 0:00:05]} Kc5 {[%emt 0:02:31]} 45. Kf4 {[%emt 0:00:14]} Kc6 {[%emt 0:00:27]} 46. Rd1 {[%emt 0:00:10]} Rh8 {[%emt 0:00:18]} 47. g5 {[%emt 0:00:17]} 1-0